00625 a2200193 450000100060000002000150000604000240002110000230004524000500006824500450011830000070016336200090017044000120017965000310019194200070022295200890022995200960031899900170041469968 a8508040644 cAnchieta - Itaigara aMachado, Ana Maria10aNa praia e no luar, tartaruga quer o marlpor10aNa praia e no luar, tartaruga quer o mar a320 a1992 1aÁtica 4aLiteratura infanto-juvenil cBK 00104070a88.1b88.1d2023-11-21l0p2894/ITAr2023-11-21 20:04:46w2023-11-21yBK 00102ddc4070a57.2b57.2d2024-07-04l0pif663r2024-07-04 12:17:04w2024-07-04yBKzNu c69968d69968